00682 2200241 4500001002100000005001500021035002000036007000300056008004100059100001400100245010700114250001000221260004000231300004100271650002300312700001700335020001800352082001100370084001700381990001400398990001400412990001400426INLIS00000000001054020251224053203 a0010-1025000001ta251224 e | ind 0 aSaibani A1 aPedoman Umum Penyelenggaraan Pemerintah Desa :bdilengkapi dengan Undang-Undang RI Nomor 43 Tahun 2007 aCet 1 aJakarta :bBee Media Pustaka,c2015 aiv + 128 Hlm :bilus ;c17.5 x 25 cm 4aAdministrasi Lokal0 aJunarsyah UW a9786029473933 a352.14 a352.14 SAI p a025.00052 a025.00051 a025.00053